මහජන අගමැති ඇස්.ඩබිලිවි.ආර්.ඩී බණ්ඩාරනායක (Record no. 140232)
[ view plain ]
| 000 -LEADER | |
|---|---|
| fixed length control field | 00468nam a2200157Ia 4500 |
| 003 - CONTROL NUMBER IDENTIFIER | |
| control field | LK-CoDNM |
| 008 - FIXED-LENGTH DATA ELEMENTS--GENERAL INFORMATION | |
| fixed length control field | 010623t xxu||||| |||| 00| 1 sin d |
| 040 ## - CATALOGING SOURCE | |
| Original cataloging agency | LK-CoDNM |
| Modifying agency | LK-CoDNM |
| Description conventions | LK-CoDNM |
| 041 ## - LANGUAGE CODE | |
| Language code of text/sound track or separate title | Sinhala; Sinhalese |
| 080 ## - UNIVERSAL DECIMAL CLASSIFICATION NUMBER | |
| Universal Decimal Classification number | x 92 |
| 942 ## - ADDED ENTRY ELEMENTS (KOHA) | |
| Koha item type | Books |
| 245 ## - TITLE STATEMENT | |
| Title | මහජන අගමැති ඇස්.ඩබිලිවි.ආර්.ඩී බණ්ඩාරනායක |
| 246 ## - VARYING FORM OF TITLE | |
| Title proper/short title | Mahajana agamethi S.W.R.D.Bandaranayaka |
| 300 ## - PHYSICAL DESCRIPTION | |
| Other physical details | 16, 22 cm |
| 650 ## - SUBJECT ADDED ENTRY--TOPICAL TERM | |
| Topical term or geographic name as entry element | Biography |
| Withdrawn status | Lost status | Damaged status | Not for loan | Collection code | Permanent Location | Current Location | Date acquired | Full call number | Koha item type |
|---|---|---|---|---|---|---|---|---|---|
| Monographs | Library National Museum Colombo - Sri Lanka | Library National Museum Colombo - Sri Lanka | 2023-08-02 | x 92 | Books |


